ARRUPE JESUIT UNIVERSITY

CORONAVIRUS -STOP THE SPREAD - CLEAN,DISINFECT,COVER

La Philosophie Africaine actes de la 1ere Semaine Philosophique de Kinshasa (Record no. 28209)

MARC details
000 -LEADER
fixed length control field 00475nam a2200169Ia 4500
003 - CONTROL NUMBER IDENTIFIER
control field 0100
008 - FIXED-LENGTH DATA ELEMENTS--GENERAL INFORMATION
fixed length control field 130303s9999 xx 000 0 und d
040 ## - CATALOGING SOURCE
Transcribing agency ARRUPELIB
050 ## - LIBRARY OF CONGRESS CALL NUMBER
Classification number B5305.S31977
100 ## - MAIN ENTRY--PERSONAL NAME
Personal name Le Departement de Philosophie et Religions Africaines
245 ## - TITLE STATEMENT
Title La Philosophie Africaine actes de la 1ere Semaine Philosophique de Kinshasa
260 ## - PUBLICATION, DISTRIBUTION, ETC. (IMPRINT)
Place of publication, distribution, etc Kinshasa
260 ## - PUBLICATION, DISTRIBUTION, ETC. (IMPRINT)
Name of publisher, distributor, etc Faculte de Theologie Catholique
260 ## - PUBLICATION, DISTRIBUTION, ETC. (IMPRINT)
-- 1977
300 ## - PHYSICAL DESCRIPTION
Extent 175p
942 00 - ADDED ENTRY ELEMENTS (KOHA)
Koha issues (borrowed), all copies 3
Holdings
Withdrawn status Lost status Source of classification or shelving scheme Damaged status Not for loan Home library Current library Shelving location Date acquired Total Checkouts Full call number Barcode Date last seen Date checked out Copy number Price effective from Koha item type Collection code
    Library of Congress Classification     ARRUPE LIBRARY ARRUPE LIBRARY   04/03/2013 2 B5305.S31977 46003012096 19/10/2015 12/10/2015 1 04/03/2013 Monograph ( Printed materials)  
    Library of Congress Classification     ARRUPE LIBRARY ARRUPE LIBRARY   04/03/2013 2 B5305.S3 1977 46003012549 11/02/2014 31/01/2014 2 04/03/2013 Monograph ( Printed materials) Main Collection

 

Arrupe Library. PO Box MP320 Mt Pleasant, Harare, Zimbabwe
263 242 745411|librarian@aju.ac.zw